Detalles MARC
| 000 -CABECERA |
| campo de control de longitud fija |
00977cam a2200253 a 4500 |
| 001 - NÚMERO DE CONTROL |
| campo de control |
000014444 |
| 005 - FECHA Y HORA DE LA ÚLTIMA TRANSACCIÓN |
| campo de control |
20200929163843.0 |
| 008 - DATOS DE LONGITUD FIJA--INFORMACIÓN GENERAL |
| campo de control de longitud fija |
940712s1993 ve b 000 0 spa |
| 020 ## - NÚMERO INTERNACIONAL ESTÁNDAR DEL LIBRO |
| Número Internacional Estándar del Libro |
9800007172 |
| 040 ## - FUENTE DE LA CATALOGACIÓN |
| Centro catalogador/agencia de origen |
DO-SdBNP |
| Lengua de catalogación |
spa |
| Centro/agencia transcriptor |
DLC |
| Centro/agencia modificador |
BNPHU |
| 082 ## - NÚMERO DE LA CLASIFICACIÓN DECIMAL DEWEY |
| Número de clasificación |
320. 98 |
| Número de documento/Ítem |
R741d |
| 049 ## - FONDOS LOCALES (OCLC) |
| Fondos de biblioteca |
BNGR |
| 100 1# - ENTRADA PRINCIPAL--NOMBRE DE PERSONA |
| Nombre de persona |
Roitman Rosenmann, Marcos. |
| Fechas asociadas al nombre |
1955- |
| 9 (RLIN) |
32588 |
| 245 10 - MENCIÓN DE TÍTULO |
| Título |
Democracia y política en América Latina / |
| Mención de responsabilidad, etc. |
Marcos Roitman Rosenmann ; prólogo Nelson Prato Barbosa. |
| 260 ## - PUBLICACIÓN, DISTRIBUCIÓN, ETC. |
| Lugar de publicación, distribución, etc. |
Caracas, (Venezuela) : |
| Nombre del editor, distribuidor, etc. |
CENDES, |
| Fecha de publicación, distribución, etc. |
1993. |
| 300 ## - DESCRIPCIÓN FÍSICA |
| Extensión |
199 p. ; |
| Dimensiones |
21 cm. |
| 490 1# - MENCIÓN DE SERIE |
| Mención de serie |
José Agustín Silva Michelena |
| Designación de volumen o secuencia |
4 |
| 504 ## - NOTA DE BIBLIOGRAFÍA, ETC. |
| Nota de bibliografía, etc. |
Incluye referencias bibliográficas. |
| 650 #4 - PUNTO DE ACCESO ADICIONAL DE MATERIA--TÉRMINO DE MATERIA |
| Término de materia o nombre geográfico como elemento de entrada |
Democracia |
| Subdivisión geográfica |
América Latina |
| Subdivisión general |
Ensayos conferencias etc. |
| 9 (RLIN) |
32589 |
| 651 #4 - PUNTO DE ACCESO ADICIONAL DE MATERIA--NOMBRE GEOGRÁFICO |
| Nombre geográfico |
América Latina |
| Subdivisión general |
Política Y Gobierno |
| -- |
Ensayos Conferencias Etc. |
| Subdivisión cronológica |
1980- |
| 9 (RLIN) |
32590 |
| 700 1# - PUNTO DE ACCESO ADICIONAL--NOMBRE DE PERSONA |
| Nombre de persona |
Prato Barbosa, Nelson |
| Término indicativo de función/relación |
pról. |
| 9 (RLIN) |
32591 |
| 830 #0 - PUNTO DE ACCESO ADICIONAL DE SERIE-TÍTULO UNIFORME |
| Título uniforme |
José Agustín Silva Michelena ; |
| Designación de volumen o secuencia |
4 |
| 9 (RLIN) |
32109 |
| 910 ## - DATOS DE OPCIÓN DEL USUARIO (OCLC) |
| Datos de opción del usuario |
Catalogación por copia / LC |